000 00344nam a2200109Ia 4500
008 240731s9999 xx 000 0 und d
245 0 _aSites: The Journal of Twentieth-Century/Contemporary French Studies revue d'études français
260 _bRoutledge
856 _uhttps://www.tandfonline.com/loi/gsit19
942 _2ddc
942 _cTFEJ
999 _c79396
_d79396
945 _a1
_bMadushi Gamage
_c1
_dMadushi Gamage